Normal view
MARC view
Entry Nombre personal
001 - NÚMERO DE CONTROL
- campo de control: 242162
003 - IDENTIFICADOR DE NÚMERO DE CONTROL
- campo de control: ES-MaACL
005 - FECHA Y HORA DE LA ÚLTIMA TRANSACCIÓN
- campo de control: 20250831035050.0
008 - ELEMENTOS DE DATO DE LONGITUD-FIJA
- campo de control de longitud fija: 250831|| aca||aabn | a|a d
040 ## - FUENTE DE CATALOGACIÓN
- Centro catalogador/agencia de origen: ES-MaACL
100 1# - ENCABEZAMIENTO-NOMBRE DE PERSONA
- Nombre de persona: Barreiro y Ramos, Antonio,
- Fechas asociadas al nombre: 1851-1916
400 1# - TRAZADO DE VÉASE--NOMBRE DE PERSONA
- Nombre de persona: Barreiro y Ramos, A.,
- Fechas asociadas al nombre: 1851-1916
410 2# - TRAZADO DE VÉASE--NOMBRE DE ENTIDAD CORPORATIVA
- Nombre de entidad corporativa o nombre de jurisdicción como elemento de entrada: Librería Nacional de Antonio Barreiro y Ramos
